[Event "XLIV Memoriał Szachowy Ludwika Zamenhofa 2025, Grupa B"]
[Site "Bialystok, Poland"]
[Date "2025.12.27"]
[Round "1.22"]
[White "Krajdocha, Konrad"]
[Black "Ryszkiewicz, Adam"]
[Result "0-1"]
[TimeControl "90'+30\""]
[WhiteElo "1736"]
[BlackElo "1985"]

1. d4 {[%clk 01:30:53]} {[%emt 00:00:06]} Nf6 {[%clk 01:30:46]} {[%emt
00:00:14]} 2. Nf3 {[%clk 01:31:15]} {[%emt 00:00:08]} e6 {[%clk 01:31:09]}
{[%emt 00:00:07]} 3. c4 {[%clk 01:31:41]} {[%emt 00:00:04]} Bb4+ {[%clk
01:31:36]} {[%emt 00:00:04]} 4. Nbd2 {[%clk 01:32:07]} {[%emt 00:00:04]} d5
{[%clk 01:31:16]} {[%emt 00:00:49]} 5. a3 {[%clk 01:32:29]} {[%emt 00:00:09]}
Bxd2+ {[%clk 01:31:37]} {[%emt 00:00:09]} 6. Bxd2 {[%clk 01:32:53]} {[%emt
00:00:06]} O-O {[%clk 01:29:45]} {[%emt 00:02:21]} 7. e3 {[%clk 01:32:20]}
{[%emt 00:01:03]} Nbd7 {[%clk 01:27:33]} {[%emt 00:02:43]} 8. Bd3 {[%clk
01:30:56]} {[%emt 00:01:54]} Re8 {[%clk 01:26:53]} {[%emt 00:01:10]} 9. cxd5
{[%clk 01:30:03]} {[%emt 00:01:23]} exd5 {[%clk 01:27:15]} {[%emt 00:00:08]} 10.
O-O {[%clk 01:29:28]} {[%emt 00:01:05]} Ne4 {[%clk 01:18:53]} {[%emt 00:08:52]}
11. Rc1 {[%clk 01:28:39]} {[%emt 00:01:19]} c6 {[%clk 01:19:13]} {[%emt
00:00:10]} 12. b4 {[%clk 01:28:30]} {[%emt 00:00:38]} Nf8 {[%clk 01:15:04]}
{[%emt 00:04:40]} 13. Ne5 {[%clk 01:25:26]} {[%emt 00:03:34]} f6 {[%clk
01:09:54]} {[%emt 00:05:40]} 14. Bxe4 {[%clk 01:23:47]} {[%emt 00:02:08]} dxe4
{[%clk 01:09:04]} {[%emt 00:01:21]} 15. Nc4 {[%clk 01:24:10]} {[%emt 00:00:07]}
Be6 {[%clk 00:59:35]} {[%emt 00:09:59]} 16. f3 {[%clk 01:19:51]} {[%emt
00:04:49]} exf3 {[%clk 01:00:00]} {[%emt 00:00:06]} 17. Qxf3 {[%clk 01:20:15]}
{[%emt 00:00:04]} Bd5 {[%clk 01:00:11]} {[%emt 00:00:20]} 18. Qg3 {[%clk
01:20:38]} {[%emt 00:00:06]} Bxc4 {[%clk 00:57:12]} {[%emt 00:03:30]} 19. Rxc4
{[%clk 01:20:55]} {[%emt 00:00:12]} Ne6 {[%clk 00:57:17]} {[%emt 00:00:25]} 20.
Rfc1 {[%clk 01:17:05]} {[%emt 00:04:21]} Ng5 {[%clk 00:54:39]} {[%emt
00:03:08]} 21. Be1 {[%clk 01:17:02]} {[%emt 00:00:32]} Qe7 {[%clk 00:54:47]}
{[%emt 00:00:22]} 22. Bf2 {[%clk 01:16:58]} {[%emt 00:00:34]} Ne4 {[%clk
00:55:12]} {[%emt 00:00:06]} 23. Qf4 {[%clk 01:14:45]} {[%emt 00:02:42]} g5
{[%clk 00:54:18]} {[%emt 00:01:24]} 24. Qf5 {[%clk 01:15:09]} {[%emt 00:00:06]}
Nd6 {[%clk 00:52:47]} {[%emt 00:02:03]} 25. Qd3 {[%clk 01:15:07]} {[%emt
00:00:30]} Nxc4 {[%clk 00:53:08]} {[%emt 00:00:09]} 26. Qxc4+ {[%clk 01:15:23]}
{[%emt 00:00:14]} Qe6 {[%clk 00:53:18]} {[%emt 00:00:20]} 27. Qc5 {[%clk
01:15:42]} {[%emt 00:00:11]} Qd5 {[%clk 00:45:15]} {[%emt 00:08:32]} 28. a4
{[%clk 01:15:05]} {[%emt 00:01:09]} a5 {[%clk 00:43:29]} {[%emt 00:02:15]} 29.
b5 {[%clk 01:15:17]} {[%emt 00:00:18]} Qxc5 {[%clk 00:43:52]} {[%emt 00:00:08]}
30. Rxc5 {[%clk 01:15:34]} {[%emt 00:00:12]} cxb5 {[%clk 00:42:53]} {[%emt
00:01:29]} 31. Rxb5 {[%clk 01:16:02]} {[%emt 00:00:02]} Rec8 {[%clk 00:43:12]}
{[%emt 00:00:11]} 32. Bg3 {[%clk 01:15:38]} {[%emt 00:00:53]} Rc4 {[%clk
00:43:22]} {[%emt 00:00:19]} 33. d5 {[%clk 01:15:35]} {[%emt 00:00:35]} Rxa4
{[%clk 00:43:43]} {[%emt 00:00:09]} 34. d6 {[%clk 01:15:52]} {[%emt 00:00:12]}
Rc4 {[%clk 00:33:32]} {[%emt 00:10:41]} 35. Rxb7 {[%clk 01:14:22]} {[%emt
00:02:01]} a4 {[%clk 00:33:49]} {[%emt 00:00:13]} 36. Kf2 {[%clk 01:13:18]}
{[%emt 00:01:33]} Rc2+ {[%clk 00:32:42]} {[%emt 00:01:37]} 37. Kf3 {[%clk
01:12:19]} {[%emt 00:01:29]} a3 {[%clk 00:32:51]} {[%emt 00:00:21]} 38. d7
{[%clk 01:12:34]} {[%emt 00:00:15]} a2 {[%clk 00:32:37]} {[%emt 00:00:44]} 39.
Ra7 {[%clk 01:12:27]} {[%emt 00:00:37]} Rd8 {[%clk 00:32:56]} {[%emt 00:00:10]}
40. Ke4 {[%clk 01:12:14]} {[%emt 00:00:44]} Rxd7 {[%clk 00:33:07]} {[%emt
00:00:19]} 0-1

[Event "XLIV Memoriał Szachowy Ludwika Zamenhofa 2025, Grupa B"]
[Site "Bialystok, Poland"]
[Date "2025.12.27"]
[Round "1.23"]
[White "Szuminski, Jakub"]
[Black "Borowik, Monika"]
[Result "1-0"]
[TimeControl "90'+30\""]
[WhiteElo "1962"]
[BlackElo "1732"]

1. e4 {[%clk 01:30:57]} {[%emt 00:00:01]} c5 {[%clk 01:30:52]} {[%emt
00:00:09]} 2. Nf3 {[%clk 01:31:23]} {[%emt 00:00:04]} d6 {[%clk 01:31:09]}
{[%emt 00:00:13]} 3. d4 {[%clk 01:31:48]} {[%emt 00:00:04]} cxd4 {[%clk
01:31:35]} {[%emt 00:00:05]} 4. Nxd4 {[%clk 01:32:13]} {[%emt 00:00:05]} Nf6
{[%clk 01:31:56]} {[%emt 00:00:09]} 5. Nc3 {[%clk 01:32:37]} {[%emt 00:00:05]}
a6 {[%clk 01:32:08]} {[%emt 00:00:19]} 6. h4 {[%clk 01:32:50]} {[%emt
00:00:16]} e5 {[%clk 01:31:41]} {[%emt 00:00:58]} 7. Nb3 {[%clk 01:33:15]}
{[%emt 00:00:05]} Be6 {[%clk 01:31:57]} {[%emt 00:00:14]} 8. f4 {[%clk
01:33:34]} {[%emt 00:00:11]} exf4 {[%clk 01:29:23]} {[%emt 00:03:04]} 9. Bxf4
{[%clk 01:33:57]} {[%emt 00:00:06]} Nc6 {[%clk 01:28:52]} {[%emt 00:01:03]} 10.
Qd2 {[%clk 01:33:51]} {[%emt 00:00:35]} Ne5 {[%clk 01:25:55]} {[%emt 00:03:26]}
11. O-O-O {[%clk 01:31:48]} {[%emt 00:02:33]} Be7 {[%clk 01:21:51]} {[%emt
00:04:35]} 12. Nd4 {[%clk 01:32:05]} {[%emt 00:00:13]} Bg4 {[%clk 01:20:40]}
{[%emt 00:01:42]} 13. Be2 {[%clk 01:30:18]} {[%emt 00:02:16]} Bxe2 {[%clk
01:19:46]} {[%emt 00:01:24]} 14. Qxe2 {[%clk 01:30:12]} {[%emt 00:00:35]} Qc7
{[%clk 01:13:30]} {[%emt 00:06:47]} 15. Nf5 {[%clk 01:26:59]} {[%emt 00:03:43]}
g6 {[%clk 00:55:43]} {[%emt 00:18:17]} 16. Nxe7 {[%clk 01:25:00]} {[%emt
00:02:29]} Qxe7 {[%clk 00:54:29]} {[%emt 00:01:45]} 17. Bg5 {[%clk 01:24:50]}
{[%emt 00:00:39]} Qe6 {[%clk 00:53:37]} {[%emt 00:01:22]} 18. Rhf1 {[%clk
01:22:29]} {[%emt 00:02:51]} Neg4 {[%clk 00:49:54]} {[%emt 00:04:12]} 19. Qf3
{[%clk 01:20:38]} {[%emt 00:02:21]} Rg8 {[%clk 00:37:18]} {[%emt 00:13:08]} 20.
Bxf6 {[%clk 01:19:08]} {[%emt 00:01:59]} Nh2 {[%clk 00:37:32]} {[%emt
00:00:16]} 21. Qf4 {[%clk 01:19:07]} {[%emt 00:00:26]} Nxf1 {[%clk 00:33:03]}
{[%emt 00:05:03]} 22. Rxd6 {[%clk 01:19:20]} {[%emt 00:00:17]} Rc8 {[%clk
00:32:19]} {[%emt 00:01:15]} 23. Rxe6+ {[%clk 01:19:39]} {[%emt 00:00:09]} fxe6
{[%clk 00:32:46]} {[%emt 00:00:04]} 24. Qd6 {[%clk 01:19:40]} {[%emt 00:00:25]}
1-0

[Event "XLIV Memoriał Szachowy Ludwika Zamenhofa 2025, Grupa B"]
[Site "Bialystok, Poland"]
[Date "2025.12.27"]
[Round "1.24"]
[White "Piekutowska, Lena"]
[Black "Zimny, Jakub"]
[Result "0-1"]
[TimeControl "90'+30\""]
[WhiteElo "1727"]
[BlackElo "1941"]

1. e4 {[%clk 01:30:57]} {[%emt 00:00:01]} c5 {[%clk 01:30:50]} {[%emt
00:00:11]} 2. c3 {[%clk 01:31:23]} {[%emt 00:00:04]} Nf6 {[%clk 01:31:13]}
{[%emt 00:00:07]} 3. e5 {[%clk 01:31:49]} {[%emt 00:00:04]} Nd5 {[%clk
01:31:31]} {[%emt 00:00:12]} 4. d4 {[%clk 01:32:14]} {[%emt 00:00:05]} cxd4
{[%clk 01:31:53]} {[%emt 00:00:08]} 5. Nf3 {[%clk 01:32:40]} {[%emt 00:00:04]}
d6 {[%clk 01:32:12]} {[%emt 00:00:11]} 6. cxd4 {[%clk 01:32:42]} {[%emt
00:00:28]} Nc6 {[%clk 01:32:33]} {[%emt 00:00:09]} 7. Bc4 {[%clk 01:33:04]}
{[%emt 00:00:08]} dxe5 {[%clk 01:32:50]} {[%emt 00:00:12]} 8. dxe5 {[%clk
01:33:30]} {[%emt 00:00:04]} Be6 {[%clk 01:33:14]} {[%emt 00:00:06]} 9. Qe2
{[%clk 01:20:28]} {[%emt 00:13:33]} Qa5+ {[%clk 01:23:36]} {[%emt 00:10:07]} 10.
Bd2 {[%clk 01:17:30]} {[%emt 00:03:28]} Qb6 {[%clk 01:23:25]} {[%emt 00:00:41]}
11. Bxd5 {[%clk 01:10:06]} {[%emt 00:07:54]} Bxd5 {[%clk 01:22:18]} {[%emt
00:01:37]} 12. Bc3 {[%clk 01:08:53]} {[%emt 00:01:44]} e6 {[%clk 01:18:30]}
{[%emt 00:04:18]} 13. O-O {[%clk 01:04:47]} {[%emt 00:04:35]} Bb4 {[%clk
01:08:53]} {[%emt 00:10:07]} 14. Re1 {[%clk 00:57:47]} {[%emt 00:07:30]} O-O
{[%clk 00:59:32]} {[%emt 00:09:51]} 15. a3 {[%clk 00:49:58]} {[%emt 00:08:20]}
Bxc3 {[%clk 00:59:29]} {[%emt 00:00:32]} 16. Nxc3 {[%clk 00:49:26]} {[%emt
00:01:02]} Bxf3 {[%clk 00:59:25]} {[%emt 00:00:34]} 17. Qxf3 {[%clk 00:47:31]}
{[%emt 00:02:25]} Qxb2 {[%clk 00:59:40]} {[%emt 00:00:15]} 18. Reb1 {[%clk
00:38:14]} {[%emt 00:09:47]} Qd2 {[%clk 00:58:05]} {[%emt 00:02:05]} 19. Rxb7
{[%clk 00:27:32]} {[%emt 00:11:13]} Nd4 {[%clk 00:58:15]} {[%emt 00:00:20]} 20.
Qe3 {[%clk 00:21:12]} {[%emt 00:06:46]} Qxc3 {[%clk 00:58:35]} {[%emt
00:00:13]} 21. Qxc3 {[%clk 00:19:47]} {[%emt 00:01:55]} Ne2+ {[%clk 00:58:56]}
{[%emt 00:00:09]} 22. Kf1 {[%clk 00:20:13]} {[%emt 00:00:04]} Nxc3 {[%clk
00:59:14]} {[%emt 00:00:11]} 23. Rc1 {[%clk 00:20:13]} {[%emt 00:00:29]} Nd5
{[%clk 00:59:31]} {[%emt 00:00:15]} 24. g3 {[%clk 00:20:12]} {[%emt 00:00:30]}
g5 {[%clk 00:59:06]} {[%emt 00:00:55]} 25. a4 {[%clk 00:19:45]} {[%emt
00:00:57]} a5 {[%clk 00:58:45]} {[%emt 00:00:51]} 26. Rc5 {[%clk 00:19:03]}
{[%emt 00:01:12]} Rfc8 {[%clk 00:58:59]} {[%emt 00:00:16]} 27. Rcb5 {[%clk
00:19:19]} {[%emt 00:00:12]} Nc3 {[%clk 00:59:11]} {[%emt 00:00:20]} 0-1

[Event "XLIV Memoriał Szachowy Ludwika Zamenhofa 2025, Grupa B"]
[Site "Bialystok, Poland"]
[Date "2025.12.27"]
[Round "1.25"]
[White "Sleczka, Bartosz"]
[Black "Rabiej, Mateusz"]
[Result "0-1"]
[TimeControl "90'+30\""]
[WhiteElo "1933"]
[BlackElo "1722"]

1. e4 {[%clk 01:24:50]} {[%emt 00:06:01]} c5 {[%clk 01:30:55]} {[%emt
00:00:12]} 2. Nf3 {[%clk 01:24:53]} {[%emt 00:00:27]} Nc6 {[%clk 01:31:05]}
{[%emt 00:00:20]} 3. Bb5 {[%clk 01:23:13]} {[%emt 00:02:11]} e6 {[%clk
01:30:45]} {[%emt 00:00:50]} 4. O-O {[%clk 01:21:21]} {[%emt 00:02:22]} d5
{[%clk 01:28:43]} {[%emt 00:02:32]} 5. exd5 {[%clk 01:19:06]} {[%emt 00:02:45]}
exd5 {[%clk 01:29:01]} {[%emt 00:00:11]} 6. Re1+ {[%clk 01:18:59]} {[%emt
00:00:37]} Be7 {[%clk 01:29:21]} {[%emt 00:00:10]} 7. d4 {[%clk 01:17:09]}
{[%emt 00:02:21]} Nf6 {[%clk 01:26:26]} {[%emt 00:03:24]} 8. Ne5 {[%clk
01:01:42]} {[%emt 00:15:57]} Bd7 {[%clk 01:25:37]} {[%emt 00:01:19]} 9. Nxd7
{[%clk 00:55:47]} {[%emt 00:06:26]} Qxd7 {[%clk 01:25:22]} {[%emt 00:00:44]} 10.
Bg5 {[%clk 00:50:38]} {[%emt 00:05:39]} O-O {[%clk 01:25:15]} {[%emt 00:00:37]}
11. Nc3 {[%clk 00:47:53]} {[%emt 00:03:15]} cxd4 {[%clk 01:14:47]} {[%emt
00:10:58]} 12. Rxe7 {[%clk 00:23:12]} {[%emt 00:25:11]} Qxe7 {[%clk 01:14:46]}
{[%emt 00:00:31]} 13. Nxd5 {[%clk 00:23:11]} {[%emt 00:00:32]} Qe5 {[%clk
01:12:37]} {[%emt 00:02:38]} 14. Nxf6+ {[%clk 00:23:11]} {[%emt 00:00:30]} gxf6
{[%clk 01:13:03]} {[%emt 00:00:04]} 15. Bh6 {[%clk 00:23:10]} {[%emt 00:00:31]}
Kh8 {[%clk 01:10:06]} {[%emt 00:03:27]} 16. Bxf8 {[%clk 00:16:24]} {[%emt
00:07:17]} Qxb5 {[%clk 00:57:51]} {[%emt 00:12:45]} 17. Ba3 {[%clk 00:14:38]}
{[%emt 00:02:16]} Qd5 {[%clk 00:53:47]} {[%emt 00:04:34]} 18. Qd2 {[%clk
00:06:00]} {[%emt 00:09:08]} Ne5 {[%emt 00:12:58]} 19. Qf4 {[%clk 00:04:19]}
{[%emt 00:00:14]} Rg8 {[%emt 00:03:01]} 20. Qxf6+ {[%clk 00:03:06]} {[%emt
00:00:27]} Rg7 {[%clk 00:42:31]} 21. f3 {[%clk 00:01:28]} {[%emt 00:02:08]}
Nxf3+ {[%clk 00:42:31]} {[%emt 00:00:30]} 22. Kf1 {[%clk 00:00:31]} {[%emt
00:01:27]} Nxh2+ {[%clk 00:33:51]} {[%emt 00:09:10]} 23. Ke2 {[%clk 00:00:57]}
{[%emt 00:00:04]} Qe4+ {[%clk 00:28:44]} {[%emt 00:05:37]} 24. Kd1 {[%clk
00:01:01]} {[%emt 00:00:25]} Ng4 {[%emt 00:01:39]} 25. Qe7 {[%clk 00:00:34]}
{[%emt 00:00:07]} Ne3+ {[%clk 00:28:39]} {[%emt 00:00:16]} 26. Ke2 {[%clk
00:00:32]} {[%emt 00:00:33]} Rxg2+ {[%clk 00:28:39]} {[%emt 00:00:30]} 27. Ke1
{[%clk 00:00:42]} {[%emt 00:00:20]} Nxc2+ {[%clk 00:29:00]} {[%emt 00:00:09]}
0-1

[Event "XLIV Memoriał Szachowy Ludwika Zamenhofa 2025, Grupa B"]
[Site "Bialystok, Poland"]
[Date "2025.12.27"]
[Round "1.26"]
[White "Tonga, Radoslaw"]
[Black "Kaminski, Jan"]
[Result "0-1"]
[TimeControl "90'+30\""]
[WhiteElo "1720"]
[BlackElo "1922"]

1. e4 {[%clk 01:30:52]} {[%emt 00:00:06]} c5 {[%clk 01:30:57]} {[%emt
00:00:04]} 2. Nf3 {[%clk 01:31:12]} {[%emt 00:00:10]} d6 {[%clk 01:31:20]}
{[%emt 00:00:07]} 3. d4 {[%clk 01:31:33]} {[%emt 00:00:09]} cxd4 {[%clk
01:31:44]} {[%emt 00:00:07]} 4. Nxd4 {[%clk 01:31:57]} {[%emt 00:00:05]} Nf6
{[%clk 01:32:08]} {[%emt 00:00:06]} 5. Nc3 {[%clk 01:32:12]} {[%emt 00:00:15]}
a6 {[%clk 01:32:31]} {[%emt 00:00:07]} 6. Bg5 {[%clk 01:31:39]} {[%emt
00:01:02]} e6 {[%clk 01:32:52]} {[%emt 00:00:08]} 7. f4 {[%clk 01:30:46]}
{[%emt 00:01:24]} Be7 {[%clk 01:33:00]} {[%emt 00:00:22]} 8. Qf3 {[%clk
01:30:11]} {[%emt 00:01:05]} Qc7 {[%clk 01:33:22]} {[%emt 00:00:08]} 9. O-O-O
{[%clk 01:29:29]} {[%emt 00:01:12]} Nbd7 {[%clk 01:33:38]} {[%emt 00:00:15]} 10.
g4 {[%clk 01:26:58]} {[%emt 00:02:59]} h6 {[%clk 01:28:21]} {[%emt 00:05:48]}
11. Bxf6 {[%clk 01:24:10]} {[%emt 00:03:17]} Bxf6 {[%clk 01:28:42]} {[%emt
00:00:09]} 12. h4 {[%clk 01:21:13]} {[%emt 00:03:26]} Nb6 {[%clk 01:28:56]}
{[%emt 00:00:17]} 13. g5 {[%clk 01:19:27]} {[%emt 00:02:16]} Bxd4 {[%clk
01:28:58]} {[%emt 00:00:28]} 14. Rxd4 {[%clk 01:19:44]} {[%emt 00:00:13]} Qc5
{[%clk 01:29:07]} {[%emt 00:00:21]} 15. Rd2 {[%clk 01:17:37]} {[%emt 00:02:36]}
Bd7 {[%clk 01:28:45]} {[%emt 00:00:52]} 16. g6 {[%clk 01:12:57]} {[%emt
00:05:10]} O-O {[%clk 01:10:40]} {[%emt 00:18:35]} 17. gxf7+ {[%clk 01:11:39]}
{[%emt 00:01:48]} Rxf7 {[%clk 01:08:37]} {[%emt 00:02:34]} 18. Qg3 {[%clk
01:11:29]} {[%emt 00:00:39]} Raf8 {[%clk 01:00:13]} {[%emt 00:08:56]} 19. Rg1
{[%clk 01:11:32]} {[%emt 00:00:26]} Kh8 {[%clk 00:58:59]} {[%emt 00:01:43]} 20.
Kb1 {[%clk 01:09:22]} {[%emt 00:02:41]} Bc6 {[%clk 00:56:09]} {[%emt 00:03:21]}
21. Bd3 {[%clk 01:08:33]} {[%emt 00:01:17]} Nc4 {[%clk 00:30:39]} {[%emt
00:26:00]} 22. Bxc4 {[%clk 00:44:01]} {[%emt 00:25:03]} Qxc4 {[%emt 00:04:13]}
23. Qg6 {[%clk 00:40:20]} d5 {[%clk 00:20:18]} {[%emt 00:11:19]} 24. exd5
{[%clk 00:33:02]} {[%emt 00:07:48]} exd5 {[%clk 00:20:08]} {[%emt 00:00:39]} 25.
Ne2 {[%clk 00:27:55]} {[%emt 00:05:36]} Qe4 {[%clk 00:18:01]} {[%emt 00:02:37]}
26. Qxe4 {[%clk 00:17:06]} {[%emt 00:11:20]} dxe4 {[%clk 00:18:30]} {[%emt
00:00:02]} 27. b3 {[%clk 00:17:01]} {[%emt 00:00:35]} Rf5 {[%clk 00:14:50]}
{[%emt 00:04:09]} 28. Nd4 {[%clk 00:13:35]} {[%emt 00:03:57]} Rxf4 {[%clk
00:14:45]} {[%emt 00:00:35]} 29. Ne6 {[%clk 00:11:52]} {[%emt 00:02:13]} Rf1+
{[%clk 00:15:09]} {[%emt 00:00:06]} 30. Kb2 {[%clk 00:12:05]} {[%emt 00:00:17]}
Rxg1 {[%clk 00:12:13]} {[%emt 00:03:27]} 31. Nxf8 {[%clk 00:12:24]} {[%emt
00:00:10]} Kg8 {[%clk 00:12:09]} {[%emt 00:00:34]} 32. Ne6 {[%clk 00:12:43]}
{[%emt 00:00:11]} g5 {[%clk 00:04:29]} {[%emt 00:08:10]} 33. hxg5 {[%clk
00:10:44]} {[%emt 00:02:30]} hxg5 {[%clk 00:04:58]} {[%emt 00:00:02]} 34. Nc5
{[%clk 00:09:03]} {[%emt 00:02:10]} Kf7 {[%clk 00:04:14]} {[%emt 00:01:14]} 35.
Re2 {[%clk 00:09:21]} {[%emt 00:00:12]} Rg4 {[%clk 00:03:51]} {[%emt 00:00:52]}
36. Kc3 {[%clk 00:08:42]} {[%emt 00:01:09]} Kf6 {[%clk 00:04:18]} {[%emt
00:00:03]} 37. Kd4 {[%clk 00:08:31]} {[%emt 00:00:42]} Kf5 {[%clk 00:04:32]}
{[%emt 00:00:15]} 38. a4 {[%clk 00:07:45]} {[%emt 00:01:17]} Rf4 {[%clk
00:02:00]} {[%emt 00:03:01]} 39. Rh2 {[%clk 00:03:35]} {[%emt 00:04:40]} Rh4
{[%clk 00:01:36]} {[%emt 00:00:54]} 40. Rf2+ {[%clk 00:03:35]} {[%emt
00:00:30]} Rf4 {[%clk 00:02:04]} {[%emt 00:00:02]} 41. Rh2 {[%clk 00:03:51]}
{[%emt 00:00:14]} Kg4 {[%clk 00:01:28]} {[%emt 00:01:06]} 42. Rg2 {[%clk
00:02:01]} {[%emt 00:02:20]} Kh4 {[%clk 00:01:19]} {[%emt 00:00:39]} 43. Ne6
{[%clk 00:01:46]} {[%emt 00:00:46]} Rg4 {[%clk 00:01:02]} {[%emt 00:00:46]} 44.
Re2 {[%clk 00:01:08]} {[%emt 00:01:09]} Kg3 {[%clk 00:01:01]} {[%emt 00:00:30]}
45. Ke3 {[%clk 00:01:11]} {[%emt 00:00:28]} Bd5 {[%clk 00:00:58]} {[%emt
00:00:33]} 46. Nd4 {[%clk 00:01:18]} {[%emt 00:00:23]} Rf4 {[%clk 00:01:09]}
{[%emt 00:00:19]} 47. Rd2 {[%clk 00:01:16]} {[%emt 00:00:33]} Kg4 {[%clk
00:01:23]} {[%emt 00:00:15]} 48. Rg2+ {[%clk 00:01:29]} {[%emt 00:00:17]} Kh5
{[%clk 00:01:44]} {[%emt 00:00:09]} 49. Rd2 {[%clk 00:01:49]} {[%emt 00:00:10]}
Kg6 {[%clk 00:01:38]} {[%emt 00:00:36]} 50. Rg2 {[%clk 00:01:52]} {[%emt
00:00:27]} Rh4 {[%clk 00:01:40]} {[%emt 00:00:27]} 51. Ne2 {[%clk 00:01:21]}
{[%emt 00:01:01]} Bc6 {[%clk 00:01:41]} {[%emt 00:00:30]} 52. Nd4 {[%clk
00:00:59]} {[%emt 00:00:53]} Rh3+ {[%clk 00:02:03]} {[%emt 00:00:08]} 53. Ke2
{[%clk 00:01:04]} {[%emt 00:00:24]} Bd7 {[%clk 00:02:00]} {[%emt 00:00:32]} 54.
Rf2 {[%clk 00:00:40]} {[%emt 00:00:56]} Bg4+ {[%clk 00:02:04]} {[%emt
00:00:26]} 55. Ke1 {[%clk 00:00:39]} {[%emt 00:00:30]} e3 {[%clk 00:01:26]}
{[%emt 00:01:08]} 56. Rf1 {[%clk 00:00:51]} {[%emt 00:00:18]} Rh2 {[%clk
00:00:53]} {[%emt 00:01:03]} 57. Rg1 {[%clk 00:00:57]} {[%emt 00:00:24]} Kh5
{[%clk 00:01:02]} {[%emt 00:00:19]} 58. Rf1 {[%clk 00:00:35]} {[%emt 00:00:55]}
Rd2 {[%clk 00:01:15]} {[%emt 00:00:15]} 59. Nf3 {[%clk 00:00:37]} {[%emt
00:00:29]} Rxc2 {[%clk 00:00:52]} {[%emt 00:00:52]} 60. Rh1+ {[%clk 00:00:57]}
{[%emt 00:00:09]} Kg6 {[%clk 00:01:14]} {[%emt 00:00:08]} 61. Ne5+ {[%clk
00:01:09]} {[%emt 00:00:19]} Kf5 {[%clk 00:01:23]} {[%emt 00:00:22]} 62. Nd3
{[%clk 00:00:35]} {[%emt 00:01:04]} Re2+ {[%clk 00:01:30]} {[%emt 00:00:22]} 63.
Kf1 {[%clk 00:00:56]} {[%emt 00:00:09]} Ra2 {[%clk 00:01:48]} {[%emt 00:00:11]}
64. Rh8 {[%clk 00:00:51]} {[%emt 00:00:36]} Be2+ {[%clk 00:02:08]} {[%emt
00:00:09]} 0-1

[Event "XLIV Memoriał Szachowy Ludwika Zamenhofa 2025, Grupa B"]
[Site "Bialystok, Poland"]
[Date "2025.12.27"]
[Round "1.27"]
[White "Fuks, Milan"]
[Black "Pilka, Lukasz"]
[Result "1-0"]
[TimeControl "90'+30\""]
[WhiteElo "1917"]
[BlackElo "1706"]

1. e4 {[%clk 01:30:45]} {[%emt 00:00:14]} c5 {[%clk 01:30:52]} {[%emt
00:00:09]} 2. Nc3 {[%clk 01:31:06]} {[%emt 00:00:09]} g6 {[%clk 01:30:32]}
{[%emt 00:00:50]} 3. g3 {[%clk 01:31:21]} {[%emt 00:00:14]} Nc6 {[%clk
01:29:51]} {[%emt 00:01:12]} 4. Bg2 {[%clk 01:30:56]} {[%emt 00:00:54]} Bg7
{[%clk 01:28:47]} {[%emt 00:01:35]} 5. d3 {[%clk 01:31:15]} {[%emt 00:00:11]}
Nf6 {[%clk 01:26:55]} {[%emt 00:02:22]} 6. Be3 {[%clk 01:31:01]} {[%emt
00:00:43]} d6 {[%clk 01:26:33]} {[%emt 00:00:54]} 7. h3 {[%clk 01:30:18]}
{[%emt 00:01:11]} Bd7 {[%clk 01:22:10]} {[%emt 00:04:55]} 8. Qd2 {[%clk
01:27:57]} {[%emt 00:02:50]} Rb8 {[%clk 01:17:10]} {[%emt 00:05:30]} 9. Nge2
{[%clk 01:24:49]} {[%emt 00:03:38]} Qa5 {[%clk 01:12:26]} {[%emt 00:05:14]} 10.
O-O {[%clk 01:21:04]} {[%emt 00:04:15]} b5 {[%clk 01:02:47]} {[%emt 00:10:10]}
11. Bh6 {[%clk 01:17:20]} {[%emt 00:04:12]} O-O {[%clk 00:52:37]} {[%emt
00:10:41]} 12. Bxg7 {[%clk 01:14:46]} {[%emt 00:03:04]} Kxg7 {[%clk 00:53:05]}
{[%emt 00:00:03]} 13. f4 {[%clk 01:09:55]} {[%emt 00:05:20]} Nd4 {[%clk
00:45:25]} {[%emt 00:08:10]} 14. g4 {[%clk 01:00:48]} {[%emt 00:09:36]} b4
{[%clk 00:35:23]} {[%emt 00:10:34]} 15. Nd1 {[%clk 00:56:53]} {[%emt 00:04:24]}
Nxe2+ {[%clk 00:30:47]} {[%emt 00:05:05]} 16. Qxe2 {[%clk 00:57:01]} {[%emt
00:00:21]} e6 {[%clk 00:21:17]} {[%emt 00:10:03]} 17. Ne3 {[%clk 00:56:15]}
{[%emt 00:01:15]} Qd8 {[%clk 00:20:28]} {[%emt 00:01:20]} 18. Rf2 {[%clk
00:54:11]} {[%emt 00:02:32]} h5 {[%clk 00:17:31]} {[%emt 00:03:28]} 19. g5
{[%clk 00:49:46]} {[%emt 00:04:55]} Ng8 {[%clk 00:17:32]} {[%emt 00:00:29]} 20.
Kh1 {[%clk 00:45:38]} {[%emt 00:04:38]} f5 {[%clk 00:16:11]} {[%emt 00:01:51]}
21. gxf6+ {[%clk 00:45:25]} {[%emt 00:00:43]} Qxf6 {[%clk 00:14:37]} {[%emt
00:02:03]} 22. Rg1 {[%clk 00:44:27]} {[%emt 00:01:27]} Ne7 {[%clk 00:12:17]}
{[%emt 00:02:52]} 23. f5 {[%clk 00:32:03]} {[%emt 00:12:54]} exf5 {[%clk
00:11:48]} {[%emt 00:00:58]} 24. exf5 {[%clk 00:32:14]} {[%emt 00:00:19]} Bxf5
{[%clk 00:11:44]} {[%emt 00:00:34]} 25. Nxf5+ {[%clk 00:29:00]} {[%emt
00:03:44]} Nxf5 {[%clk 00:12:13]} {[%emt 00:00:02]} 26. Be4 {[%clk 00:25:53]}
{[%emt 00:03:37]} Ng3+ {[%clk 00:09:20]} {[%emt 00:03:23]} 27. Rxg3 {[%clk
00:26:02]} {[%emt 00:00:21]} Qxf2 {[%clk 00:09:42]} {[%emt 00:00:08]} 28. Rxg6+
{[%clk 00:26:26]} {[%emt 00:00:05]} Qf6 {[%emt 00:02:21]} 29. Rg2+ 1-0